[Event "Benasque op 25th "]
[Site "Benasque"]
[Date "2005.07.13"]
[Round "8"]
[White "Castellanos, Renier"]
[Black "Roiz, Michael"]
[Result "0-1"]
[WhiteElo "2442"]
[BlackElo "2593"]
[Annotator "Roiz,M"]
[PlyCount "84"]
[EventDate "2005.07.06"]
[EventType "swiss"]
[EventRounds "10"]
[EventCountry "ESP"]
[SourceTitle "CBM 108"]
[Source "ChessBase"]
[SourceDate "2005.09.26"]
[SourceVersion "1"]
[SourceVersionDate "2005.09.26"]
[SourceQuality "1"]

1. e4 c5 2. Nf3 a6 {That is the second time i choose this rare variation.} 3.
c3 {A principal answer:now it's not easy to prove that a7-a6 is a useful move.}
e6 4. d4 d5 5. e5 (5. exd5 exd5 {-->leads to another type of positions,where
white usually fights against the isolated pawn.}) 5... Bd7 6. Bd3 ({Another
reasonable option here is:} 6. Be2 $5) 6... Nc6 {So,the typical French defence
has arised! Maybe that type of positions was unknown for Renier,since he only
plays 3.Nc3 against the French defence.} ({An immediate attempt to echange the
''bad'' bishop fails to:} 6... Bb5 $2 7. Bxb5+ axb5 8. dxc5 Bxc5 9. b4 Bb6 10.
Na3 Qd7 11. Qd3 $16 {[%csl Rb5]}) 7. dxc5 $6 {A strange decision which makes
my 2...a6 useful!} (7. O-O $142 Qb6 8. dxc5 Bxc5 9. b4 Bf8 10. Qe2 Nge7 11.
Nbd2 Ng6 12. g3 Be7 13. a3 f6 14. Bxg6+ hxg6 15. c4 $36 {1-0 Pokojowczyk,
J-Gulko,B/Polanica Zdroj 1977/MCD (60)}) ({Deserves attention also:} 7. a3 $5 {
securing the statement of Bd3.}) 7... Bxc5 {Now it's clear,that a7-a6 is a
good profilactic move: white cannot disturb black's queen-side pieces by
b2-b4-b5.} 8. Nbd2 $146 {[%csl Yd4][%cal Gd2b3] White is going to occupy the
central square ''d4''. Black should play energetically in order to get some
counterplay.} (8. O-O f6 9. Qe2 fxe5 10. Nxe5 Nxe5 11. Qxe5 Qf6 12. Qc7 Rc8 13.
Qxb7 Ne7 $44 {1/2-1/2 Renet,O-Motwani,P/Port Barcares FRA 2005 (30)}) 8... f6
$1 ({I didn't like my position after:} 8... Nge7 9. Nb3 Bb6 10. Bf4 $14) 9. Nb3
Bb6 10. Nbd4 ({White avoids a draw which could draw arise after:} 10. Bf4 g5
11. Nxg5 (11. Bg3 $6 f5 $15 {[%csl Rg3]}) 11... fxg5 12. Qh5+ Kf8 13. Bxg5 Qe8
(13... Qc7 14. Qf3+ Kg7 15. Bf6+ Nxf6 16. Qxf6+ Kg8 17. Qg5+ Kf7 18. Qf6+ $11)
14. Bh6+ Nxh6 15. Qxh6+ Kg8 16. Qg5+ $11) 10... Qb8 $1 (10... Nxe5 $2 11. Nxe5
fxe5 12. Qh5+ Kf8 13. Qxe5 $16) (10... Bc7 11. Nxc6 bxc6 12. O-O $14 fxe5 $140
13. Nxe5 Bxe5 14. Qh5+ $16) 11. Bf4 Nge7 $1 {That developing move was
understated by Renier,as he said after the game. Now black completes the
development and gets a good play.} ({Much worse would be:} 11... Bc7 $6 12.
Nxc6 bxc6 13. exf6 Nxf6 14. Bxc7 Qxc7 15. Qe2 $14 {with a very pleasant
advantage of white due to a stable blockade.}) 12. Bg3 ({The point is that} 12.
exf6 $6 Qxf4 13. fxe7 {can be strongly met by:} e5 $1 14. Nxc6 (14. Ne2 Qf6 $15
) 14... bxc6 $15 {and black wins the pawn back,while his position is clearly
better.}) 12... Bc7 ({The immediate} 12... f5 $6 {fails to:} 13. Nxf5 Nxf5 14.
Bxf5 exf5 15. e6 Qc8 16. exd7+ Qxd7 17. Qe2+ $14) 13. Nxc6 (13. exf6 gxf6 14.
Nxc6 (14. Nd2 Bxg3 15. hxg3 Qe5+ 16. Ne2 O-O-O) 14... bxc6 $132 (14... Nxc6 15.
Qd2 O-O 16. Bc2 $14)) 13... bxc6 14. Qe2 $6 {That allows black to make the
position closed by f7-f5.} ({I would prefer:} 14. exf6 gxf6 {which leads to a
very complicated play-see my notes to the previous move.}) 14... f5 {That move
was connected with a sacrifice.} ({Interesting was also:} 14... a5 $5) 15. h4 {
Securing the statement of Bg3 and trying to get some counterplay on the
king-side.} ({In my opinion,better was the principal:} 15. Bxa6 O-O 16. Bd3 c5
$44 {although black has a full compensation.}) 15... c5 16. h5 O-O $15 {
Black has a somewhat better chances,since his queen-side play is more real
that white's king-side counterplay.} 17. Bf4 a5 {Pushing the ''a'' pawn in
order to fix the weak Pb2 and to seize more space.} 18. Rd1 a4 19. a3 (19. Rh3
Bc6 $15) 19... Ra7 {[%cal Ga7b7,Gd7b5] Intending to put a strong pressure on
the Pb2 and to swap the light-squared bishop by Bd7-b5 at some moment.} 20. Rh3
({After} 20. h6 g6 21. Bg5 Nc6 22. Bf6 Bd8 $15 {white remains without any
counterplay.}) 20... Rb7 21. Rd2 Kh8 {Black is not in a hurry! That useful
move avoids some possible checks in future.} ({Premature would be:} 21... Bb5
$6 22. Bxb5 Rxb5 23. Ng5 Rb6 24. Be3 $1 $132) 22. Kf1 (22. h6 g6 23. Bg5 Ng8
$15) 22... Ba5 $1 {An unpleasant move-now white has always to deal with an
idea of d5-d4.} 23. h6 ({White had a tricky attacking possibility:} 23. Bg5 Ng8
24. Nh4 $1 {disturbing black's monarch. However,after the cool} Be8 $1 25. Ng6+
Bxg6 26. hxg6 h6 $15 {black is still better.}) 23... g6 24. Bg5 Ng8 {A
necessary passivity-black must take control of the dark squares around his
king.} 25. Kg1 Bc6 {Increasing the power of the following advancement.} ({
The alternative was:} 25... c4 $5 26. Bb1 Bxc3 $1 27. bxc3 Rxb1+ 28. Rd1 (28.
Kh2 Rb3 29. Qe3 Rxa3 30. Be7 Nxe7 31. Qc5 Nc6 32. Qxa3 Nxe5 $17) 28... Rb3 $17
{winning the second pawn. However,after exchange of black's dark-squared
bishop white gets more chances of attack.}) 26. Rh4 d4 $2 {Allowing white to
get a reasonable counterplay.} ({Now} 26... c4 $2 {was wrong in view of:} 27.
Bb1 Bxc3 28. bxc3 Rxb1+ 29. Kh2 $44 {and white has an excellent compensation
for the pawn.}) ({Much stronger would be:} 26... Rb3 $142 $36 {with a strong
pressure.}) 27. Bc4 {Activating the bishop at cost of the pawn.} ({Worse would
be:} 27. Rc2 $6 dxc3 28. bxc3 Rb3 $17) 27... dxc3 28. bxc3 Bxc3 29. Rd1 (29.
Rd6 $2 Rb1+ 30. Kh2 Bxf3 31. gxf3 Re1 $19) 29... Rb2 $1 {Black has to play
energetically in order to prevent white from seizing the initiative,since the
Kg8 is not that safe.} 30. Qe3 Bxf3 {During the i have considered that tackle
like the only one. At the same time,it's a serious mistake!} 31. Qxf3 $2 ({
After the correct} 31. gxf3 $1 Bd4 (31... Bxe5 $2 32. Bxe6 Re8 33. Bxg8 Bh2+ (
33... Kxg8 34. Qxc5 $36) 34. Rxh2 Rxe3 35. Bc4 $18 {[%csl Re3,Rh8][%cal Gg5f6,
Gd1d8]}) (31... Qxe5 32. Bxe6 $132) 32. Rhxd4 cxd4 33. Qxd4 $44 {[%csl Rg8,Rh8]
white has a full compensation for the exchange! More that that,white's
practical chances are even higher.}) 31... Bd4 $1 {Now black is able to
consolidate.} 32. Be3 {The best chance-white has to exchange the powerful Bd4.}
({Even worse would be:} 32. Rf1 $2 Qxe5 33. Bf4 Qf6 34. Qg3 e5 35. Bg5 Qd6 $19)
32... Bxe3 $1 {The only,but sufficient reply.} (32... Qxe5 $4 33. Rhxd4 cxd4
34. Bxd4 $18) (32... Rd8 33. Bxd4 cxd4 34. Bxe6 Qxe5 35. Bxg8 Kxg8 36. Qf4 Qxf4
37. Rxf4 Rb3 (37... d3 38. Rxa4 $11) 38. Rfxd4 Rxd4 39. Rxd4 Rxa3 40. Rd8+ Kf7
41. Rd7+ $11) 33. Qxe3 Rd8 $1 {Exchanging white's active rook.} 34. Rd6 $2 {
A decisive mistake which was connected with a tactical blunder.} ({As we can
see in the following variations,black has a serious advantage,although white's
practical drawish chances cannot be understated:} 34. Rf1 Qb6 $17) (34. Rxd8
Qxd8 35. Rh3 $1 (35. g3 $2 g5 $1 36. Rh1 Rb1+ 37. Kg2 (37. Kh2 Nxh6 $19 {
[%cal Gh6g4]}) 37... Qa8+ 38. f3 Rb2+ 39. Kg1 Qd8 $19) 35... Qd1+ 36. Kh2 Qg4
$1 37. Bxe6 Re2 $1 38. Qxc5 Qf4+ 39. Rg3 $8 Qxh6+ 40. Rh3 Qf4+ 41. Rg3 Qxe5 42.
Qxe5+ Rxe5 $17) 34... Rb1+ 35. Bf1 {Overlooking black's brilliant 38th move.} (
{More resistant would be:} 35. Kh2 Rxd6 36. exd6 Qxd6+ 37. g3 (37. Qg3 Qxg3+
38. Kxg3 g5 $19) 37... e5 (37... Nf6 38. Ba2 $1 $17 (38. Qxe6 $2 Qxe6 39. Bxe6
Rb6 40. Ba2 Rb2 $19)) 38. Ba2 (38. Bxg8 Kxg8 39. Rxa4 Qd5 $19) 38... Ra1 39.
Qe2 g5 $1 40. Rh5 $140 Nxh6 41. Rxg5 Qe7 42. Rh5 Ng4+ 43. Kg2 Qb7+ 44. f3 e4
45. Rxf5 Rxa2 46. Rf8+ Kg7 $19) {[%tqu "En","Please,find the winning
continuation","","","b8b5","",10]} 35... Qb5 $1 ({Renier was concerned only
with the following calculations:} 35... Rxd6 $2 36. exd6 Qxd6 37. Rxa4 Nxh6 38.
Qc3+ (38. Qxh6 $4 Rxf1+ 39. Kxf1 Qd1#) 38... e5 39. Ra8+ Kg7 40. Ra7+ Nf7 41.
Qc4 Qf6 42. Qxc5 $132) 36. Rxd8 Qxf1+ 37. Kh2 Qg1+ 38. Kg3 ({Hopeless was also
} 38. Kh3 Rb3 39. Rd3 g5 40. Rxa4 Qh1+ 41. Kg3 f4+ $19) 38... Rb3 39. Rd3 {
[%tqu "En","Please,find the decisive tactical resourse.","","","g6g5","",10]}
g5 $1 {Exploiting the vulnerablity of white's heavy pieces. Now the game is
over.} 40. Qxg5 ({Or} 40. Rxa4 f4+ 41. Rxf4 gxf4+ 42. Kxf4 Rxd3 43. Qxd3 Qxf2+
$19) 40... Rxd3+ 41. f3 Qe1+ 42. Kh3 Rxf3+ $1 {[%mdl 32832] The final nice
blow.} (42... Rxf3+ 43. gxf3 Qh1+ 44. Kg3 Qg1+ 45. Kf4 Qc1+ 46. Kg3 Qxg5+ $19)
0-1

[Event "Heart of Finland op 07th"]
[Site "Jyvaskyla"]
[Date "1997.??.??"]
[Round "7"]
[White "Solozhenkin, Evgeniy"]
[Black "Blechzin, Igor"]
[Result "1-0"]
[WhiteElo "2510"]
[BlackElo "2405"]
[Annotator "Solozhenkin,E"]
[PlyCount "63"]
[EventDate "1997.07.??"]
[EventType "swiss"]
[EventRounds "9"]
[EventCountry "FIN"]
[SourceTitle "EXT 1999"]
[Source "ChessBase"]
[SourceDate "1998.11.16"]
[SourceVersion "1"]
[SourceVersionDate "1998.11.16"]
[SourceQuality "1"]

1. e4 c5 2. Nf3 a6 3. c3 d5 4. exd5 Qxd5 5. d4 e6 6. Be3 cxd4 7. cxd4 Nf6 8.
Nc3 Qd6 9. Bd3 Be7 10. O-O O-O 11. Qe2 b5 {'?' Solozhenkin.} (11... Nc6 12.
Rad1 Nb4 13. Bb1 {1-0 Rytchagov-Blekhtsin, Jyvaskyla, 1997}) 12. Ne4 {'!'
Solozhenkin.} Qd7 13. Ne5 Qd5 14. Nc3 (14. f3 $5) 14... Qb7 15. Bg5 Nbd7 16.
Ne4 Nxe5 17. dxe5 Nd5 18. Bd2 {'+/-!' Solozhenkin.} Rd8 19. Ng5 h6 20. Ne4 Nb4
{'?' Solozhenkin.} (20... Qb8 21. Ng3 $16) 21. Bxb4 Bxb4 22. Nf6+ {'!'
Solozhenkin.} gxf6 23. Be4 Rd5 (23... Qb8 24. Bxa8 Qxa8 25. Qg4+) 24. Qg4+ Kh8
25. Bxd5 Qxd5 26. Rad1 {'!' Solozhenkin.} Bd2 27. exf6 Qg5 28. Qf3 Rb8 29. h4
Qf4 30. Rxd2 {'!' Solozhenkin.} Qxf3 (30... Qxd2 31. Qg3) 31. Rd8+ Kh7 32. gxf3
1-0